<?xml version="1.0" encoding="UTF-8"?>
<marc:record xmlns:marc="http://www.loc.gov/MARC21/slim">
   <marc:leader>00000nam a2200000 a 4500</marc:leader>
   <marc:datafield ind1=" " ind2=" " tag="653">
      <marc:subfield code="a">2-4 Spieler</marc:subfield>
   </marc:datafield>
   <marc:datafield ind1=" " ind2=" " tag="653">
      <marc:subfield code="a">Sammelspiel</marc:subfield>
   </marc:datafield>
   <marc:datafield ind1="0" ind2="0" tag="245">
      <marc:subfield code="a">Hungry Hugo</marc:subfield>
   </marc:datafield>
   <marc:datafield ind1=" " ind2="1" tag="264">
      <marc:subfield code="a">Vilnius</marc:subfield>
      <marc:subfield code="b">Logis</marc:subfield>
      <marc:subfield code="c">2021</marc:subfield>
   </marc:datafield>
   <marc:datafield ind1="1" ind2=" " tag="520">
      <marc:subfield code="a">Ihr seid die Bewohner einer kleinen Insel. Ihr wetteifert darum, wer den tollsten Garten dekorieren kann. Da heißt es: Ran an den Spaten und rein in den Garten!&#xD;
Ach so es gibt einen klitzekleinen Hacken - er heiß Hugo und ist ein Riesenaffe. Meistens schläft er friedlich, aber wenn er aufwacht, bekommt er Heißhunger, und dann schnappt er sich ständig die schönen dinge aus eurem Garten.&#xD;
Hungry Hugo ist ein Spiel mit 3D-Elemanten für die ganze Familie. Nötig sind hierbei die richtige Taktik und eine ordentliche Portion Glück.</marc:subfield>
   </marc:datafield>
   <marc:datafield ind1="3" ind2=" " tag="024">
      <marc:subfield code="a">4771159590402</marc:subfield>
   </marc:datafield>
   <marc:datafield ind1=" " ind2=" " tag="041">
      <marc:subfield code="a">ger</marc:subfield>
   </marc:datafield>
   <marc:datafield ind1="1" ind2=" " tag="521">
      <marc:subfield code="a">6+</marc:subfield>
   </marc:datafield>
   <marc:datafield ind1=" " ind2=" " tag="338">
      <marc:subfield code="a">Gegenstand</marc:subfield>
   </marc:datafield>
</marc:record>
